Worse than a lie : (Record no. 1952)
[ view plain ]
| 000 -LEADER | |
|---|---|
| fixed length control field | 03337cam a2200493 i 4500 |
| 001 - CONTROL NUMBER | |
| control field | 1952 |
| 003 - CONTROL NUMBER IDENTIFIER | |
| control field | OCoLC |
| 005 - DATE AND TIME OF LATEST TRANSACTION | |
| control field | 20260413162019.0 |
| 007 - PHYSICAL DESCRIPTION FIXED FIELD--GENERAL INFORMATION | |
| fixed length control field | tb |
| 008 - FIXED-LENGTH DATA ELEMENTS--GENERAL INFORMATION | |
| fixed length control field | 260224t20262026nyu ed 000 f eng d |
| 040 ## - CATALOGING SOURCE | |
| Original cataloging agency | LJW |
| Language of cataloging | eng |
| Description conventions | rda |
| Transcribing agency | LJW |
| Modifying agency | LJW |
| -- | OCLCO |
| -- | JAS |
| -- | OCLCO |
| -- | BDX |
| -- | G8V |
| -- | OCLCQ |
| -- | VPW |
| 020 ## - INTERNATIONAL STANDARD BOOK NUMBER | |
| International Standard Book Number | 9798217169870 |
| Qualifying information | (paperback ; large print) : |
| Terms of availability | $32.00 |
| 035 ## - SYSTEM CONTROL NUMBER | |
| System control number | (OCoLC)1574446707 |
| 082 04 - DEWEY DECIMAL CLASSIFICATION NUMBER | |
| Classification number | 813.6 |
| Edition information | 23/eng/2026 |
| 092 ## - LOCALLY ASSIGNED DEWEY CALL NUMBER (OCLC) | |
| Classification number | LP Fic |
| Item number | Crump |
| 049 ## - LOCAL HOLDINGS (OCLC) | |
| Holding library | VPW1 |
| 100 1# - MAIN ENTRY--PERSONAL NAME | |
| Personal name | Crump, Benjamin, |
| Dates associated with a name | 1969- |
| Relator term | author. |
| Real World Object URI | https://id.oclc.org/worldcat/entity/E39PBJrwVFt9cMhPFvgQtWWhpP |
| 245 10 - TITLE STATEMENT | |
| Title | Worse than a lie : |
| Remainder of title | a Beau Lee Cooper novel / |
| Statement of responsibility, etc. | Ben Crump. |
| 250 ## - EDITION STATEMENT | |
| Edition statement | First large print edition. |
| 264 #1 - PRODUCTION, PUBLICATION, DISTRIBUTION, MANUFACTURE, AND COPYRIGHT NOTICE | |
| Place of production, publication, distribution, manufacture | New York, NY : |
| Name of producer, publisher, distributor, manufacturer | Random House Large Print, |
| Date of production, publication, distribution, manufacture, or copyright notice | [2026] |
| 264 #4 - PRODUCTION, PUBLICATION, DISTRIBUTION, MANUFACTURE, AND COPYRIGHT NOTICE | |
| Date of production, publication, distribution, manufacture, or copyright notice | ©2026 |
| 300 ## - PHYSICAL DESCRIPTION | |
| Extent | 486 pages (large print) ; |
| Dimensions | 24 cm. |
| 336 ## - CONTENT TYPE | |
| Content type term | text |
| Content type code | txt |
| Source | rdacontent |
| 337 ## - MEDIA TYPE | |
| Media type term | unmediated |
| Media type code | n |
| Source | rdamedia |
| 338 ## - CARRIER TYPE | |
| Carrier type term | volume |
| Carrier type code | nc |
| Source | rdacarrier |
| 340 ## - PHYSICAL MEDIUM | |
| Material base and configuration | large print |
| Source | rdamat |
| 490 1# - SERIES STATEMENT | |
| Series statement | A Beau Lee Cooper novel ; |
| Volume/sequential designation | 1 |
| 520 ## - SUMMARY, ETC. | |
| Summary, etc. | "It's the night of November 4, 2008. America's first Black president has just been elected. And fifty-three-year-old Hollis Montrose--a Black ex-police officer from the suburbs of Chicago--has become the latest victim of a brutal attack. As the result of a traffic stop gone wrong, Hollis is shot ten times in cold blood, by four white men who could have been his colleagues back in his police days. Beau Lee Cooper was born serious, as if on an urgent mission with little time to waste. Raised in the tumultuous world of 1970s Texas, he always dreamed of becoming a lawyer and fighting for what's right, ever since he was a little boy reading To Kill a Mockingbird. And now, ten years into running his own law firm with his best friend and partner in crime, Nelson "Nellie" Rivers, and his suave right-hand-man, Brent "Cape" Capers, he feels he's finally making a difference. When Beau Lee learns about Hollis's situation, he's determined to help. Miraculously, Hollis survives the encounter, but the Chicago police department has already spun the narrative in its favor, and Hollis is given a wrongful prison sentence with an unreasonable bail. What really happened that night the car was pulled over? Was it random or was Hollis targeted? Beau Lee knows he's treading in dangerous waters, and finding evidence of the truth will be his biggest challenge yet, but with troubling powers at play, one innocent man's life hangs in the balance." -- |
| Assigning source | Amazon. |
| 650 #0 - SUBJECT ADDED ENTRY--TOPICAL TERM | |
| Topical term or geographic name entry element | Lawyers |
| Form subdivision | Fiction. |
| 650 #0 - SUBJECT ADDED ENTRY--TOPICAL TERM | |
| Topical term or geographic name entry element | African American men |
| General subdivision | Crimes against |
| Form subdivision | Fiction. |
| 650 #0 - SUBJECT ADDED ENTRY--TOPICAL TERM | |
| Topical term or geographic name entry element | Police corruption |
| Form subdivision | Fiction. |
| 651 #0 - SUBJECT ADDED ENTRY--GEOGRAPHIC NAME | |
| Geographic name | Chicago (Ill.) |
| Form subdivision | Fiction. |
| 650 #6 - SUBJECT ADDED ENTRY--TOPICAL TERM | |
| Topical term or geographic name entry element | Hommes noirs américains |
| Authority record control number or standard number | (CaQQLa)201-0303722 |
| General subdivision | Crimes contre |
| Authority record control number or standard number | (CaQQLa)000283857 |
| Form subdivision | Romans, nouvelles, etc. |
| Authority record control number or standard number | (CaQQLa)201-0377299 |
| 650 #6 - SUBJECT ADDED ENTRY--TOPICAL TERM | |
| Topical term or geographic name entry element | Corruption policière |
| Authority record control number or standard number | (CaQQLa)201-0070540 |
| Form subdivision | Romans, nouvelles, etc. |
| Authority record control number or standard number | (CaQQLa)201-0377299 |
| 650 #0 - SUBJECT ADDED ENTRY--TOPICAL TERM | |
| Topical term or geographic name entry element | Large type books. |
| 655 #7 - INDEX TERM--GENRE/FORM | |
| Genre/form data or focus term | Large print books. |
| Source of term | lcgft |
| 655 #7 - INDEX TERM--GENRE/FORM | |
| Genre/form data or focus term | large print books. |
| Source of term | aat |
| Authority record control number or standard number | (CStmoGRI)aatgf300206232 |
| 655 #7 - INDEX TERM--GENRE/FORM | |
| Genre/form data or focus term | Fiction. |
| Source of term | lcgft |
| 655 #7 - INDEX TERM--GENRE/FORM | |
| Genre/form data or focus term | Detective and mystery fiction. |
| Source of term | lcgft |
| 655 #7 - INDEX TERM--GENRE/FORM | |
| Genre/form data or focus term | Thrillers (Fiction) |
| Source of term | lcgft |
| 655 #7 - INDEX TERM--GENRE/FORM | |
| Genre/form data or focus term | Legal fiction (Literature) |
| Source of term | lcgft |
| 800 1# - SERIES ADDED ENTRY--PERSONAL NAME | |
| Personal name | Crump, Benjamin, |
| Dates associated with a name | 1969- |
| Title of a work | Beau Lee Cooper novel ; |
| Volume/sequential designation | 1. |
| 910 ## - USER-OPTION DATA (OCLC) | |
| User-option data | n26/4 cr |
No items available.